| 000 | 00710nmc a2200265 a 4500 | ||
|---|---|---|---|
| 003 | AR-BaBNM | ||
| 005 | 20251128203013.0 | ||
| 008 | 157019s1946 ||||||||||||||000 | spa|| | ||
| 040 | _cAR-BaBNM | ||
| 100 | 1 | _aAron, Raymond | |
| 245 | 1 | 0 | _aIntroducción a la filosofía de la historia |
| 260 |
_aBuenos Aires _bLosada _c1946 |
||
| 300 | 0 | _a566 p. | |
| 490 | 0 | _aBiblioteca filosófica | |
| 650 | 4 | _aHISTORIOGRAFIA | |
| 650 | 4 | _aHISTORIA | |
| 650 | 4 | _aINVESTIGACION HISTORICA | |
| 650 | 4 | _aESCRITURA HISTORICA | |
| 650 | 4 | _aANALISIS HISTORICO | |
| 650 | 4 | _aMETODO HISTORICO | |
| 700 | 1 |
_ade Gaos, Angela H. _etraductor |
|
| 800 | 1 |
_aRomero, Francisco _edirector |
|
| 942 | _cBK | ||
| 998 | _cmariana | ||
| 999 |
_c1470 _d1470 |
||